Analysis of linear systems (Record no. 4150)

000 -LEADER
fixed length control field 00506nam a22001931 4500
001 - CONTROL NUMBER
control field 4150
003 - CONTROL NUMBER IDENTIFIER
control field BD-DhUET
008 - FIXED-LENGTH DATA ELEMENTS--GENERAL INFORMATION
fixed length control field 790416s1959 maua 000 0 eng
040 ## - CATALOGING SOURCE
Original cataloging agency DLC
Transcribing agency DLC
Modifying agency BD-DhUET
082 ## - DEWEY DECIMAL CLASSIFICATION NUMBER
Classification number 629.83
Item number CHE/1959
100 1# - MAIN ENTRY--PERSONAL NAME
Personal name Cheng, David K.
245 00 - TITLE STATEMENT
Title Analysis of linear systems
250 ## - EDITION STATEMENT
Edition statement 1st ed.
260 ## - PUBLICATION, DISTRIBUTION, ETC. (IMPRINT)
Place of publication, distribution, etc. London
Name of publisher, distributor, etc. Addison-Wesley Publishing
Date of publication, distribution, etc. 1959
300 ## - PHYSICAL DESCRIPTION
Extent 431 p.
490 0# - SERIES STATEMENT
Series statement Addison-Wesley series in electrical engineering
650 #0 - SUBJECT ADDED ENTRY--TOPICAL TERM
Topical term or geographic name as entry element Linear Systems
942 ## - ADDED ENTRY ELEMENTS (KOHA)
Koha item type General Book
Holdings
Location (home branch) Shelving location Damaged status Lost status Withdrawn status Source of classification or shelving scheme Koha normalized classification for sorting Koha full call number Not for loan Date acquired Koha date last seen Koha item type Copy number Sublocation or collection (holding branch) Piece designation (barcode) Price effective from
Central Library, BUETCirculation section    629_000000000000000_83CHE1959629.83/CHE/1959 2014-11-132014-11-13General Book1Central Library, BUET783682014-11-13
Central Library, BUETCirculation section    629_000000000000000_83CHE1959629.83/CHE/1959 2014-11-132014-11-13General Book2Central Library, BUET783702014-11-13
Central Library, BUETCirculation section    629_000000000000000_83CHE1959629.83/CHE/1959 2014-11-132014-11-13General Book3Central Library, BUET783692014-11-13
Central Library, BUETCirculation section    629_000000000000000_83CHE1959629.83/CHE/1959 2014-11-172014-11-17General Book4Central Library, BUET83302014-11-17
Central Library, BUETCirculation section    629_000000000000000_83CHE1959629.83/CHE/1959 2014-11-172014-11-17General Book5Central Library, BUET249012014-11-17
Central Library, BUETCirculation section    629_000000000000000_83CHE1959629.83/CHE/1959 2014-11-182017-08-28General Book6Central Library, BUET126822014-11-18
Central Library, BUETReading section    629_830000000000000_CHE_1959629.83/CHE/1959 2015-06-202015-06-20Reading Item7Central Library, BUET248992015-06-20
Central Library, BUETReading section    629_830000000000000_CHE_1959629.83/CHE/1959 2015-06-302019-09-07Reading Item8Central Library, BUET126902015-06-30
Central Library, BUETReading section    629_830000000000000_CHE_1959629.83/CHE/1959 2015-06-302015-06-30Reading Item9Central Library, BUET83272015-06-30
Central Library, BUETReading section    629_830000000000000_CHE_1959629.83/CHE/1959 2015-06-302015-06-30Reading Item10Central Library, BUET83312015-06-30
Central Library, BUETReading section    629_830000000000000_CHE_1959629.83/CHE/1959 2015-07-042015-07-04Reading Item11Central Library, BUET83282015-07-04
Central Library, BUETCirculation section    629_830000000000000_CHE_1959629.83/CHE/1959 1973-10-042018-05-12General Book12Central Library, BUET320582018-05-12